Formula E Grid 2024-2025 - Statistics

General Stats
  • This quiz has been taken 33 times
  • The average score is 18 of 22
Answer Stats
Team Nat. # Answer % Correct
Mahindra Racing NED 21 Nyck de Vries
92%
TAG Heuer Porsche Formula E Team GER 1 Pascal Wehrlein
92%
Envision Racing SUI 16 Sebastian Buemi
92%
TAG Heuer Porsche Formula E Team POR 13 Antonio Felix da Costa
88%
Mahindra Racing SUI 48 Edoardo Mortara
88%
Maserati MSG Racing BEL 2 Stoffel Vandoorne
88%
Lola Yamaha ABT Formula E Team BRB 22 Zane Maloney
88%
Lola Yamaha ABT Formula E Team BRA 11 Lucas di Grassi
83%
Jaguar TCS Racing NZL 9 Mitch Evans
83%
Jaguar TCS Racing NZL 37 Nick Cassidy
83%
Nissan Formula E Team GBR 23 Oliver Rowland
83%
NEOM McLaren Formula E Team GBR 8 Sam Bird
83%
Cupra Kiro GBR 33 Dan Ticktum
79%
DS Penske FRA 25 Jean-Eric Vergne
79%
NEOM McLaren Formula E Team GBR 5 Taylor Barnard
79%
DS Penske GER 7 Maximilian Gunther
75%
Nissan Formula E Team FRA 17 Norman Nato
75%
Andretti Formula E SUI 51 Nico Muller
71%
Andretti Formula E GBR 27 Jake Dennis
67%
Envision Racing NED 4 Robin Frijns
67%
Maserati MSG Racing GBR 55 Jake Hughes
63%
Cupra Kiro GER 3 David Beckmann
58%
No matching quizzes found
Score Distribution
Percent of People with Each Score
Percentile by Number Answered
Your Score History
You have not taken this quiz